000 00681nam a2200277Ia 4500
005 20260324133731.0
008 008 260324s9999 xx 000 0 eng d
020 _a9781003063629
037 _aEBOOK
040 _aCRL
040 _beng
040 _cCRL
041 _2eng
041 _aeng
084 _qCRL
100 _aJohn T. Ishiyama; Andras Bozoki
_91194190
245 4 _aThe Communist Successor Parties of Central and Eastern Europe
260 _bTaylor and Francis
260 _c2003
365 _a
365 _b230
856 _uhttp://www.taylorfrancis.com/books/9781003063629
942 _cEBOOK
999 _c1793555
_d1793555